LEADER 01687nam0 22003973i 450 001 TO00128852 005 20231121125834.0 010 $a8820420309 100 $a20160623d1981 ||||0itac50 ba 101 | $aita 102 $ait 181 1$6z01$ai $bxxxe 182 1$6z01$an 200 1 $aCultura e comunicazione: la logica della connessione simbolica$eun'introduzione all'uso dell'analisi strutturale nell'antropologia sociale$fEdmund Leach$gedizione italiana a cura di Adriana Imperatore Picone 210 $aMilano$cFranco Angeli$dc1981 215 $a134 p.$d22 cm. 225 | $aAntropologia culturale e sociale$v11 410 0$1001CFI0020276$12001 $aAntropologia culturale e sociale$v11 500 10$aCulture and communication.$3MIL0028585$9RAVV024721$937381 606 $aComunicazione$2FIR$3RMLC000443$9I 606 $aCultura$2FIR$3RMLC005742$9I 676 $a301.2$9Antropologia culturale$v21 700 1$aLeach$b, Edmund Ronald$3RAVV024721$4070$0130235 702 1$aImperatore Picone$b, Adriana$3MILV012368 790 1$aLeach$b, Edmund R.$3SBNV024845$zLeach, Edmund Ronald 790 1$aLeach$b, Edmund$3UTOV540871$zLeach, Edmund Ronald 790 1$aLeach$b, E. R.$3UTOV567028$zLeach, Edmund Ronald 790 1$aLeach$b, E.$3UTOV567512$zLeach, Edmund Ronald 801 3$aIT$bIT-01$c20160623 850 $aIT-FR0017 899 $aBiblioteca umanistica Giorgio Aprea$bFR0017 $eN 912 $aTO00128852 950 0$aBiblioteca umanistica Giorgio Aprea$d 52MAG 6/666$e 52MAG0000148655 VMB RS $fA $h20201120$i20201120 977 $a 52 996 $aCulture and communication$937381 997 $aUNICAS LEADER 01773nas 2200505 c 450 001 9910714390903321 005 20260218110435.0 035 $a(CKB)5280000000205013 035 $a(DE-101)1188568892 035 $a(DE-599)ZDB2975065-9 035 $a(OCoLC)1087499263 035 $a(DE-599)2975065-9 035 $a(EXLCZ)995280000000205013 100 $a20190617a20189999 |y | 101 0 $aeng 135 $aur||||||||||| 181 $ctxt$2rdacontent 182 $cc$2rdamedia 183 $acr$2rdacarrier 200 00$aMacroeconomic and foreign exchange policies of major trading partners of the United States$ereport to Congress 210 31$aWashington, DC$cDepartment of the Treasury$d2018- 215 $aOnline-Ressource 517 $aMacroeconomic and Foreign Exchange Policies of Major Trading Partners of the United States 606 $aForeign exchange administration$vPeriodicals 606 $aInternational economic relations$vPeriodicals 606 $aBalance of trade$vPeriodicals 606 $aBalance of trade$2fast 606 $aForeign exchange administration$2fast 606 $aInternational economic relations$2fast 608 $aZeitschrift$2gnd-content 615 0$aForeign exchange administration 615 0$aInternational economic relations 615 0$aBalance of trade 615 7$aBalance of trade. 615 7$aForeign exchange administration. 615 7$aInternational economic relations. 676 $a330 712 02$aUSA$bTreasury Department$4isb 801 0$b0355 801 1$bDE-101 801 2$b9001 906 $aJOURNAL 912 $a9910714390903321 996 $aMacroeconomic and foreign exchange policies of major trading partners of the United States$93282673 997 $aUNINA